000 01210nam a22002417i 4500
999 _c22697
_d22697
003 AR-CdUCM
008 230927b20212021pe ||||| |||| 00| 0 spa d
040 _aMUNICIPALIDAD PROVINCIAL DEL CUSCO
_cBIBLIOTECA MUNICIPAL DEL CUSCO
041 _hspa
082 _a985.05 / Z38
_bZ38
100 _aZárate Escenarro, Urzula
_948885
245 _aHistoria de la Profesión de Enfermería en la Región Cusco 1950-2019 /
260 _aCusco :
_bSieteculebras,
_c2021.
300 _a111 páginas. :
_btablas estadísticas,
_c21 cm.
500 _zBibliografía: páginas 102-104
505 _aHechos históricos de la profesión de enfermería en la Region Cusco -- Acontecimientos históricos de enfermería en la Region Cusco -- Facultad de enfermería UNSAAC -- Escuela profesional de enfermería -- Colegio de enfermeros del Perú, Consejo regional VII Cusco
650 _aHechos históricos de la profesión de Enfermería Región cusco
_949091
650 _aEscuela Profesional de Enfermería Universidad Andina
_949092
650 _aFacultad de Enfermería de la UNSAAC
_949255
650 _aCreación del Colegio de Enfermeros Región Cusco
_949256
942 _2ddc
_cLIBROS
945 _apebm
_d2023-09-27